| 000 | 00822nam a22002657a 4500 | ||
|---|---|---|---|
| 003 | CHAP | ||
| 005 | 20220329141609.0 | ||
| 008 | 971013s1971 r 00010 d | ||
| 010 | _a70762 | ||
| 011 | _a71734 | ||
| 035 | _a81288 | ||
| 040 | _cCHAP | ||
| 090 | _aFolleto 2827 | ||
| 110 |
_aAgencia para el Desarrollo Internacional. División de Cooperativas _91117 |
||
| 245 | _aFinanciamiento de cooperativas agrícolas | ||
| 260 |
_aMéxico, D.F. : _bLa Agencia, _c1971 |
||
| 300 | _a16 p. | ||
| 590 |
_aBATCH-UPD _b10 _c20130110 _lUCH01 _h1037 |
||
| 590 |
_aCONVERSION _b10 _c20130109 _lUCH01 _h1339 |
||
| 650 | 1 | 4 |
_aAgricultura cooperativa. _91945 |
| 901 | _aBK | ||
| 942 | _cFOLL | ||
| 949 |
_aFolleto 2827 _bBC _cFOLL _d-34535 _eTS1 _i81288 _mD. _si |
||
| 949 |
_aFolleto 2827 _bBC _cFOLL _d-34536 _eTS2 _fc.2 _i81288 _mD. _si |
||
| 999 |
_c70762 _d70762 |
||